00651 2200241 4500001002100000005001500021035002000036245007500056100001600131250000600147300003500153700002200188260004700210082001000257084001600267020002200283650001900305990001700324990001700341990001700358990001700375990001700392INLIS00000000000020020180911011218 a0010-09180000541 aKecil-Kecil Berani Berpidato /cEdi Warsidi; Editor, Dani Wildan Hakim0 aEdi Warsidi a- avi, 58 hlm. :bilus. ;c21 cm.0 aDani Wildan Hakim aBandung :bPT Karsa Mandiri Persada,c2009 a808.5 a808.5 EDI k a978-979-005-001-3 aRetorik Pidato a00859/P/2018 a00860/P/2018 a00861/P/2018 a00862/P/2018 a00863/P/2018